000 00752 a2200313 4500
260 _aParis
100 _aARNAUD, Paul
260 _bDunod
245 _aExercices de chimie organique
300 _aIX-377 [1] p.
650 _aCHIMIE ORGANIQUE
260 _c1991
300 _bfig. ; 26 cm
130 _lFr.
035 _a00307
035 _a8815
035 _a8816
035 _a11334
035 _a11335
250 _a3e éd. ref et augm., 2e tir.
500 _aNotes au bas des pageset dans les colonnes
020 _a2-10-000023-3
999 _c12148
_d12148